[Event "Europa ch s-16 femenino"]
[Site "Herceg Novi  MNT"]
[Date "2008.09.15"]
[Round "1.2"]
[White "Tsatsalashvili, Keti"]
[Black "Messam-Sparks, Lateefah"]
[Result "1-0"]
[WhiteElo "2271"]
[BlackElo "1904"]
[PlyCount "51"]
[EventDate "2008.09.15"]
[EventType "swiss"]
[EventRounds "9"]
[Source "lmi"]
[SourceDate "2008.09.15"]

1. d4 Nf6 2. c4 e6 3. Nf3 Bb4+ 4. Bd2 Qe7 5. Nc3 Nc6 6. Qc2 d5 7. e3 h6 8. Bd3
O-O 9. a3 Bxc3 10. Bxc3 a5 11. O-O Bd7 12. Rfe1 Rfd8 13. Rad1 Rdb8 14. cxd5
exd5 15. Ne5 Be8 16. f3 Qd6 17. Nxc6 Bxc6 18. e4 Nh5 19. e5 Qe7 20. Qd2 Ba4 21.
Rc1 g5 22. Bxa5 b6 23. Bb4 Qd7 24. g3 Ng7 25. Bb1 Rc8 26. Qd3 1-0

[Event "Europa ch s-16 femenino"]
[Site "Herceg Novi  MNT"]
[Date "2008.09.15"]
[Round "1.3"]
[White "Messina, Roberta"]
[Black "Savina, Anastasia"]
[Result "0-1"]
[WhiteElo "1904"]
[BlackElo "2269"]
[PlyCount "81"]
[EventDate "2008.09.15"]
[EventType "swiss"]
[EventRounds "9"]
[Source "lmi"]
[SourceDate "2008.09.15"]

1. e4 c5 2. Nc3 Nc6 3. f4 e6 4. Bc4 g6 5. Nf3 Bg7 6. O-O Nge7 7. e5 d6 8. exd6
Nf5 9. Ne4 Nxd6 10. Nxd6+ Qxd6 11. d3 O-O 12. a3 Nd4 13. Rb1 b5 14. Ba2 Bb7 15.
Ne1 Nf5 16. Nf3 Rfd8 17. Qe2 Nd4 18. Nxd4 cxd4 19. a4 bxa4 20. Bc4 Bd5 21. Bxd5
Qxd5 22. Ra1 Qb5 23. Qg4 Rac8 24. Rf2 Rd5 25. Qh4 Rdc5 26. Qe7 R5c7 27. Qd6 Qb6
28. Qxb6 axb6 29. Rxa4 Rxc2 30. Rxc2 Rxc2 31. Rc4 Rxc4 32. dxc4 Kf8 33. Kf2 Ke7
34. b3 e5 35. fxe5 Bxe5 36. h3 Ke6 37. Kf3 f5 38. Ke2 Bh2 39. Kd3 Ke5 40. Bh6
Bg1 41. g3 0-1

[Event "Europa ch s-16 femenino"]
[Site "Herceg Novi  MNT"]
[Date "2008.09.15"]
[Round "1.4"]
[White "Repina, Varvara"]
[Black "Jimenez Lupianez, Laura"]
[Result "1-0"]
[WhiteElo "2201"]
[BlackElo "1901"]
[PlyCount "59"]
[EventDate "2008.09.15"]
[EventType "swiss"]
[EventRounds "9"]
[Source "lmi"]
[SourceDate "2008.09.15"]

1. d4 d5 2. Bf4 c6 3. e3 Nf6 4. c4 e6 5. Nf3 Nbd7 6. Nc3 Be7 7. h3 O-O 8. Rc1
a6 9. c5 b6 10. b4 a5 11. a3 axb4 12. axb4 bxc5 13. bxc5 Ba6 14. Be2 Nb8 15.
O-O Bxe2 16. Qxe2 Nfd7 17. Qb2 Qc8 18. Ra1 Rxa1 19. Rxa1 f6 20. Ra7 e5 21. Bg3
Re8 22. Na4 Bf8 23. Nb6 Qd8 24. Nxd7 Nxd7 25. Qb7 Nb8 26. Qf7+ Kh8 27. dxe5 Re7
28. Rxe7 Bxe7 29. Nd4 h6 30. Ne6 1-0

[Event "Europa ch s-16 femenino"]
[Site "Herceg Novi  MNT"]
[Date "2008.09.15"]
[Round "1.5"]
[White "De Seroux, Camille"]
[Black "Suslova, Alena"]
[Result "0-1"]
[WhiteElo "1898"]
[BlackElo "2184"]
[PlyCount "50"]
[EventDate "2008.09.15"]
[EventType "swiss"]
[EventRounds "9"]
[Source "lmi"]
[SourceDate "2008.09.15"]

1. e4 c5 2. Nf3 d6 3. d4 cxd4 4. Nxd4 Nf6 5. Nc3 g6 6. Be3 Bg7 7. f3 O-O 8. Bc4
Nc6 9. Qd2 Bd7 10. O-O-O Ne5 11. Bb3 Qa5 12. Kb1 Rfc8 13. Rhe1 Nc4 14. Bxc4
Rxc4 15. Nb3 Qc7 16. Bd4 Be6 17. Qe3 b6 18. e5 dxe5 19. Bxe5 Qb7 20. Nd4 Bd7
21. g4 Rac8 22. g5 Rxc3 23. bxc3 Nd5 24. Qd2 Nxc3+ 25. Ka1 Qa6 0-1

[Event "Europa ch s-16 femenino"]
[Site "Herceg Novi  MNT"]
[Date "2008.09.15"]
[Round "1.6"]
[White "Shvayger, Yuliya"]
[Black "Kolaric, Spela"]
[Result "1-0"]
[WhiteElo "2151"]
[BlackElo "1890"]
[PlyCount "123"]
[EventDate "2008.09.15"]
[EventType "swiss"]
[EventRounds "9"]
[Source "lmi"]
[SourceDate "2008.09.15"]

1. e4 c5 2. Nf3 e6 3. c4 d6 4. d4 cxd4 5. Nxd4 a6 6. Nc3 b6 7. Be3 Bb7 8. Be2
Nf6 9. f3 Be7 10. O-O O-O 11. Qd2 Nbd7 12. Rac1 Rc8 13. Rfd1 Qc7 14. Kh1 Rfe8
15. Bf1 Qb8 16. b3 Bd8 17. Bg1 Bc7 18. Qf2 Nf8 19. Nc2 Red8 20. Ne3 Ng6 21. g3
Ne7 22. Bh3 Re8 23. Rd3 Rcd8 24. Rcd1 Qa8 25. Bg2 d5 26. exd5 exd5 27. cxd5
Nexd5 28. Ncxd5 Nxd5 29. Nxd5 Bxd5 30. Qc2 Re7 31. f4 Bxg2+ 32. Qxg2 Qxg2+ 33.
Kxg2 Rxd3 34. Rxd3 Kf8 35. Rc3 Ke8 36. Kf3 Kd7 37. Bf2 Re6 38. f5 Rc6 39. Rxc6
Kxc6 40. Bd4 g6 41. Ke4 b5 42. Be3 Bd6 43. Bf4 Bxf4 44. Kxf4 Kd5 45. fxg6 hxg6
46. Kg5 Kc5 47. h4 Kb4 48. g4 Ka3 49. h5 gxh5 50. gxh5 Kxa2 51. b4 Kb3 52. h6
Kxb4 53. h7 a5 54. h8=Q a4 55. Qb2+ Kc4 56. Kf6 b4 57. Qc2+ Kd4 58. Qxa4 Kc3
59. Qc6+ Kb2 60. Qg2+ Ka3 61. Qc2 b3 62. Qb1 1-0

[Event "Europa ch s-16 femenino"]
[Site "Herceg Novi  MNT"]
[Date "2008.09.15"]
[Round "1.7"]
[White "Pavelkova, Michaela"]
[Black "Kazimova, Narmin Nizami Qizi"]
[Result "0-1"]
[WhiteElo "1886"]
[BlackElo "2148"]
[PlyCount "60"]
[EventDate "2008.09.15"]
[EventType "swiss"]
[EventRounds "9"]
[Source "lmi"]
[SourceDate "2008.09.15"]

1. e4 c5 2. Nf3 d6 3. d4 cxd4 4. Nxd4 Nf6 5. Nc3 a6 6. Be3 e6 7. f3 b5 8. Qd2
Nbd7 9. g4 Nb6 10. Qf2 Nfd7 11. O-O-O Bb7 12. Bd3 Rc8 13. Kb1 Nc4 14. Bxc4 Rxc4
15. Nb3 Be7 16. h4 O-O 17. g5 Rc8 18. Rh2 b4 19. Ne2 a5 20. Nf4 a4 21. Nc1 Qa5
22. h5 Bxg5 23. Rxd6 Ne5 24. Rb6 Ba8 25. b3 Bf6 26. h6 g6 27. Ncd3 axb3 28.
cxb3 Rfd8 29. Nc1 Ng4 30. fxg4 Qe5 0-1

[Event "Europa ch s-16 femenino"]
[Site "Herceg Novi  MNT"]
[Date "2008.09.15"]
[Round "1.8"]
[White "Soloviova, Liza"]
[Black "Haug, Marianne Wold"]
[Result "1-0"]
[WhiteElo "2148"]
[BlackElo "1881"]
[PlyCount "78"]
[EventDate "2008.09.15"]
[EventType "swiss"]
[EventRounds "9"]
[Source "lmi"]
[SourceDate "2008.09.15"]

1. d4 Nf6 2. c4 g6 3. Nc3 Bg7 4. Nf3 O-O 5. e3 d6 6. Be2 Nbd7 7. O-O e5 8. Qc2
Re8 9. b3 exd4 10. Nxd4 Ne5 11. Rd1 Bd7 12. Bb2 Nc6 13. Nxc6 bxc6 14. Bf3 Qe7
15. Qe2 h5 16. h3 Nh7 17. Ne4 Ng5 18. Nxg5 Qxg5 19. Bxg7 Kxg7 20. Kh1 Qc5 21.
Qb2+ Qe5 22. Qd2 Rab8 23. Rac1 Qc5 24. Qc3+ Qe5 25. c5 d5 26. Rd4 Bf5 27. Ra4
Qxc3 28. Rxc3 Rb7 29. Kg1 Kf6 30. Kf1 Re6 31. Ke2 Be4 32. Bxe4 Rxe4 33. Ra6 Re6
34. Kd2 Ke7 35. Rd3 Rf6 36. f3 Re6 37. Rd4 Kd7 38. Rda4 Rb8 39. Rd4 Rb7 1-0

[Event "Europa ch s-16 femenino"]
[Site "Herceg Novi  MNT"]
[Date "2008.09.15"]
[Round "1.9"]
[White "Penne, Bo"]
[Black "Grigorian, Marine"]
[Result "0-1"]
[WhiteElo "1881"]
[BlackElo "2131"]
[PlyCount "70"]
[EventDate "2008.09.15"]
[EventType "swiss"]
[EventRounds "9"]
[Source "lmi"]
[SourceDate "2008.09.15"]

1. e4 d6 2. d4 Nf6 3. Nc3 e5 4. dxe5 dxe5 5. Qxd8+ Kxd8 6. Bg5 Be6 7. O-O-O+
Nbd7 8. f4 exf4 9. e5 h6 10. Bxf6+ gxf6 11. exf6 Bc5 12. Nge2 c6 13. h3 Kc7 14.
Kb1 Be3 15. Ne4 Rhg8 16. g3 Rae8 17. Bg2 fxg3 18. N2xg3 Bd5 19. Rhe1 Bxe4 20.
Nxe4 Rxg2 21. Rxe3 Nxf6 22. Rg3 Rxg3 23. Nxg3 Re3 24. Rg1 Kd7 25. Kc1 Ke6 26.
h4 Ke5 27. Kd1 Ne4 28. Ne2 Rh3 29. c3 Rxh4 30. Rg8 Nd6 31. Kd2 f5 32. b3 h5 33.
Rh8 Rh1 34. Kd3 Rh3+ 35. Kd2 f4 0-1

[Event "Europa ch s-16 femenino"]
[Site "Herceg Novi  MNT"]
[Date "2008.09.15"]
[Round "1.10"]
[White "Zakoscielna, Kinga"]
[Black "Kaplan, Ebru"]
[Result "1-0"]
[WhiteElo "2125"]
[BlackElo "1878"]
[PlyCount "93"]
[EventDate "2008.09.15"]
[EventType "swiss"]
[EventRounds "9"]
[Source "lmi"]
[SourceDate "2008.09.15"]

1. e4 e5 2. Nf3 Nf6 3. Nxe5 d6 4. Nf3 Nxe4 5. Nc3 Nxc3 6. dxc3 Be7 7. Be3 Nd7
8. Qd2 Nf6 9. O-O-O d5 10. c4 c6 11. Qc3 O-O 12. Bd3 Qc7 13. cxd5 Rd8 14. dxc6
bxc6 15. Bc4 Bd7 16. Qe5 Qxe5 17. Nxe5 Be8 18. Rxd8 Bxd8 19. Rd1 Bc7 20. f4 a5
21. h3 a4 22. a3 Ra5 23. Bd2 Ra8 24. g4 Ne4 25. Be3 Kf8 26. Bd3 Nf6 27. c4 Bxe5
28. fxe5 Nd7 29. Bd4 g6 30. Re1 Ke7 31. Be4 Rc8 32. Kc2 c5 33. Bc3 Nb6 34. Bd5
Nxd5 35. cxd5 c4 36. Bb4+ Kd8 37. g5 Bb5 38. Kc3 Ba6 39. Rf1 Ke8 40. Rf4 Rc7
41. Rh4 Rd7 42. Kd4 Bb7 43. Bd6 Ba6 44. Rxh7 Rb7 45. Bb4 Rb6 46. Rh8+ Kd7 47.
Rf8 1-0

[Event "Europa ch s-16 femenino"]
[Site "Herceg Novi  MNT"]
[Date "2008.09.15"]
[Round "1.11"]
[White "Arce Calva, Elvira"]
[Black "Papp, Petra"]
[Result "0-1"]
[WhiteElo "1876"]
[BlackElo "2118"]
[PlyCount "48"]
[EventDate "2008.09.15"]
[EventType "swiss"]
[EventRounds "9"]
[Source "lmi"]
[SourceDate "2008.09.15"]

1. e4 c5 2. Nc3 d6 3. g3 Nc6 4. Bg2 g6 5. d3 Bg7 6. f4 Nf6 7. Nf3 O-O 8. O-O
Rb8 9. Be3 Ng4 10. Bf2 b5 11. Qd2 Nxf2 12. Qxf2 Nd4 13. Kh1 b4 14. Nd1 Nb5 15.
h3 a5 16. e5 Qc7 17. Re1 Bb7 18. exd6 exd6 19. Rc1 Qd7 20. c3 Rfd8 21. Qd2 Bxf3
22. Bxf3 Qxh3+ 23. Kg1 Qxg3+ 24. Kf1 Qxf3+ 0-1

[Event "Europa ch s-16 femenino"]
[Site "Herceg Novi  MNT"]
[Date "2008.09.15"]
[Round "1.12"]
[White "Eric, Jovana"]
[Black "Asan, Elvan"]
[Result "1/2-1/2"]
[WhiteElo "2111"]
[BlackElo "1874"]
[PlyCount "108"]
[EventDate "2008.09.15"]
[EventType "swiss"]
[EventRounds "9"]
[Source "lmi"]
[SourceDate "2008.09.15"]

1. e4 e5 2. Nf3 Nc6 3. Bc4 Bc5 4. d3 h6 5. Bb3 d6 6. c3 Nf6 7. Nbd2 O-O 8. Nf1
Re8 9. Ng3 Bb6 10. O-O d5 11. Qe2 d4 12. h3 Nh7 13. Kh2 Nf8 14. Ne1 Ng6 15. f4
exf4 16. Bxf4 Nxf4 17. Rxf4 Be6 18. Bxe6 Rxe6 19. Nf5 Ne7 20. Qg4 Rg6 21. Qf3
c6 22. Nc2 dxc3 23. bxc3 Bc7 24. Rf1 Bxf4+ 25. Qxf4 Nxf5 26. exf5 Rf6 27. Qf3
Qd6+ 28. Kh1 Rd8 29. d4 Qd5 30. Ne3 Qxf3 31. Rxf3 Kh7 32. Ng4 Rfd6 33. f6 g6
34. Ne5 Kg8 35. h4 h5 36. g4 hxg4 37. Nxg4 Re6 38. Rg3 Re1+ 39. Kh2 Re2+ 40.
Kh3 Rd6 41. h5 Kh7 42. hxg6+ fxg6 43. f7 Kg7 44. Rf3 Rd8 45. Ne5 Rh8+ 46. Kg3
Rf8 47. a4 c5 48. a5 cxd4 49. cxd4 Rxe5 50. dxe5 Rxf7 51. Rb3 g5 52. Kg4 Kg6
53. Rb5 Re7 54. Rd5 Re6 1/2-1/2

[Event "Europa ch s-16 femenino"]
[Site "Herceg Novi  MNT"]
[Date "2008.09.15"]
[Round "1.13"]
[White "Nesic, Dragana"]
[Black "Gorozhankina, Julia"]
[Result "1/2-1/2"]
[WhiteElo "1873"]
[BlackElo "2094"]
[PlyCount "79"]
[EventDate "2008.09.15"]
[EventType "swiss"]
[EventRounds "9"]
[Source "lmi"]
[SourceDate "2008.09.15"]

1. e4 d6 2. d4 Nf6 3. Bd3 e5 4. d5 Be7 5. Ne2 O-O 6. O-O Nbd7 7. c4 Nc5 8. Nbc3
c6 9. b4 Nxd3 10. Qxd3 Bg4 11. Ng3 Re8 12. Be3 h5 13. h3 Bd7 14. Rfd1 Qc8 15.
Rac1 h4 16. Nf1 Nh7 17. dxc6 bxc6 18. c5 Be6 19. cxd6 Rd8 20. Bc5 Qb8 21. Qa6
Bxd6 22. Qxc6 Bxc5 23. Rxd8+ Qxd8 24. Qxc5 Qg5 25. Qe3 Rc8 26. Qxg5 Nxg5 27.
Nd2 Rd8 28. Rc2 f6 29. a4 Rd4 30. Rb2 Bxh3 31. Nb5 Rd7 32. gxh3 a6 33. Nc3 Rxd2
34. Rxd2 Nf3+ 35. Kg2 Nxd2 36. b5 axb5 37. axb5 Nc4 38. Na4 Nd6 39. b6 Nb7 40.
Nc3 1/2-1/2

[Event "Europa ch s-16 femenino"]
[Site "Herceg Novi  MNT"]
[Date "2008.09.15"]
[Round "1.14"]
[White "Homiakova, Elena"]
[Black "Trubitsyna, Yulia"]
[Result "0-1"]
[WhiteElo "2078"]
[BlackElo "1872"]
[PlyCount "36"]
[EventDate "2008.09.15"]
[EventType "swiss"]
[EventRounds "9"]
[Source "lmi"]
[SourceDate "2008.09.15"]

1. e4 d6 2. d4 Nf6 3. Nc3 g6 4. f4 Bg7 5. Nf3 c5 6. d5 O-O 7. Bc4 b5 8. Bxb5
Qa5 9. Nd2 Ng4 10. Nb3 Bxc3+ 11. bxc3 Qxb5 12. h3 Nf6 13. e5 Nh5 14. g4 Ng3 15.
Rg1 Ba6 16. Bb2 Ne2 17. Rh1 Nxf4 18. Qf3 dxe5 0-1

[Event "Europa ch s-16 femenino"]
[Site "Herceg Novi  MNT"]
[Date "2008.09.15"]
[Round "1.17"]
[White "Zalimaite, Ieva"]
[Black "Adamowicz, Katarzyna"]
[Result "0-1"]
[WhiteElo "1844"]
[BlackElo "2063"]
[PlyCount "62"]
[EventDate "2008.09.15"]
[EventType "swiss"]
[EventRounds "9"]
[Source "lmi"]
[SourceDate "2008.09.15"]

1. c4 e5 2. g3 Nf6 3. Bg2 d5 4. d3 Nc6 5. cxd5 Nxd5 6. Nf3 Be7 7. O-O O-O 8.
Nc3 Nb6 9. a3 Re8 10. b4 Bf8 11. Bb2 Bg4 12. h3 Bh5 13. Re1 f5 14. Na4 e4 15.
Nh4 Qg5 16. Nxb6 axb6 17. dxe4 fxe4 18. Qc2 e3 19. Be4 exf2+ 20. Kxf2 Bd6 21.
Bxh7+ Kh8 22. Nf5 Rf8 23. Kg2 Rxf5 24. Bxf5 Qxg3+ 25. Kf1 Qf4+ 26. Kg2 Qh2+ 27.
Kf1 Bg3 28. Bxg7+ Kxg7 29. Qc3+ Ne5 30. Qxc7+ Bf7 31. Qxb6 Nf3 0-1

[Event "Europa ch s-16 femenino"]
[Site "Herceg Novi  MNT"]
[Date "2008.09.15"]
[Round "1.18"]
[White "Iordanidou, Zoi"]
[Black "Sabolova, Gabriela"]
[Result "1-0"]
[WhiteElo "2060"]
[BlackElo "1814"]
[PlyCount "91"]
[EventDate "2008.09.15"]
[EventType "swiss"]
[EventRounds "9"]
[Source "lmi"]
[SourceDate "2008.09.15"]

1. e4 e5 2. Nf3 Nc6 3. Bc4 Bc5 4. c3 Nf6 5. d3 a6 6. O-O d6 7. Bb3 O-O 8. Nbd2
Be6 9. h3 h6 10. Re1 Nh5 11. d4 Bxb3 12. Nxb3 exd4 13. Nfxd4 Bxd4 14. cxd4 Nf6
15. d5 Ne5 16. Nd4 Qd7 17. f4 Ng6 18. Qf3 Rfe8 19. Bd2 c5 20. dxc6 bxc6 21. Bc3
d5 22. e5 Ne4 23. Rad1 Rac8 24. Nb3 Qb7 25. Qe3 c5 26. Nd2 Nxd2 27. Qxd2 d4 28.
Ba5 Qb5 29. Re4 Nh4 30. b3 Qc6 31. Re2 Nf5 32. Rc1 Qd5 33. Qd3 Rc6 34. Qxf5 c4
35. bxc4 Qxa5 36. Qd7 Rec8 37. Qxd4 Rd8 38. Qe4 Rdc8 39. f5 Qc5+ 40. Kh1 Qb4
41. Rec2 Rc5 42. e6 f6 43. Qd3 Re5 44. Re2 Rxe2 45. Qxe2 Rc5 46. e7 1-0

[Event "Europa ch s-16 femenino"]
[Site "Herceg Novi  MNT"]
[Date "2008.09.15"]
[Round "1.19"]
[White "Edes, Zsofia"]
[Black "Semenova, Elena"]
[Result "1-0"]
[WhiteElo "1812"]
[BlackElo "2048"]
[PlyCount "123"]
[EventDate "2008.09.15"]
[EventType "swiss"]
[EventRounds "9"]
[Source "lmi"]
[SourceDate "2008.09.15"]

1. d4 d5 2. c4 e6 3. Nc3 Nf6 4. Bg5 Nbd7 5. e3 c6 6. Nf3 Qa5 7. Nd2 Bb4 8. Qc2
c5 9. Be2 cxd4 10. exd4 dxc4 11. Bxf6 Nxf6 12. Nxc4 Bxc3+ 13. bxc3 Qc7 14. Qa4+
Kf8 15. O-O g6 16. Rab1 Kg7 17. Nb6 Rb8 18. Qxa7 Ne4 19. Rfc1 Qf4 20. Bf3 Nd2
21. Ra1 Nxf3+ 22. gxf3 h5 23. Qa5 Rd8 24. Rd1 Bd7 25. Qe5+ Qxe5 26. dxe5 Bc6
27. Rd6 Rxd6 28. exd6 Rd8 29. Rd1 Bxf3 30. Rd4 e5 31. Rd2 Kf6 32. c4 Ke6 33. c5
f6 34. d7 Ke7 35. Nc8+ Ke6 36. Rd6+ Kf7 37. a4 Bc6 38. Nb6 Ke7 39. Nc8+ Kf7 40.
Nb6 g5 41. Rxc6 bxc6 42. a5 Ke7 43. a6 h4 44. a7 Ke6 45. Nc8 Kxd7 46. a8=Q Rxc8
47. Qb7+ Rc7 48. Qb3 Ke7 49. Qg8 Rd7 50. Qc8 g4 51. Qxc6 Rd4 52. Kg2 f5 53. h3
g3 54. Qh6 gxf2 55. Qxh4+ Ke6 56. Kxf2 Rd2+ 57. Ke1 Rc2 58. Qb4 Rh2 59. Qc4+
Ke7 60. c6 f4 61. c7 Rh1+ 62. Kf2 1-0

[Event "Europa ch s-16 femenino"]
[Site "Herceg Novi  MNT"]
[Date "2008.09.15"]
[Round "1.20"]
[White "Abdulla, Khayala Mardan Qizi"]
[Black "Vericeanu, Ilinca"]
[Result "1-0"]
[WhiteElo "2029"]
[BlackElo "1811"]
[PlyCount "129"]
[EventDate "2008.09.15"]
[EventType "swiss"]
[EventRounds "9"]
[Source "lmi"]
[SourceDate "2008.09.15"]

1. e4 e6 2. d4 d5 3. Nc3 Nf6 4. Bg5 Bb4 5. e5 h6 6. Bd2 Nfd7 7. Qg4 Bf8 8. f4
c5 9. Nf3 Nc6 10. dxc5 Nxc5 11. O-O-O a6 12. Be3 Qa5 13. Kb1 Na4 14. Nxa4 Qxa4
15. Nd4 Bd7 16. Be2 g6 17. Qh4 Be7 18. Qf2 Rc8 19. Nxc6 Bxc6 20. Bd3 Bb5 21. g4
Kd7 22. h3 Rc6 23. f5 Bxd3 24. Rxd3 Qe4 25. fxe6+ fxe6 26. Rc1 Rhc8 27. Qf4
Qxf4 28. Bxf4 g5 29. Bg3 Rc4 30. b3 Rc3 31. Be1 Rxd3 32. cxd3 Rxc1+ 33. Kxc1
Bc5 34. h4 Bd4 35. hxg5 Be3+ 36. Kc2 hxg5 37. Kc3 d4+ 38. Kc4 Kc6 39. Bg3 b5+
40. Kb4 Bd2+ 41. Ka3 Kc5 42. Kb2 Kd5 43. a4 b4 44. Kc2 Bf4 45. Be1 a5 46. Kd1
Kxe5 47. Ke2 Kd5 48. Kf3 e5 49. Bf2 e4+ 50. dxe4+ Ke5 51. Bg1 d3 52. Bb6 d2 53.
Ke2 Kxe4 54. Bxa5 Bd6 55. Kxd2 Bc5 56. Bd8 Kf4 57. a5 Kxg4 58. Bb6 Bd6 59. a6
Bb8 60. a7 Bxa7 61. Bxa7 Kf5 62. Kd3 Ke6 63. Kc4 Kd6 64. Kxb4 Kc6 65. Ka5 1-0

[Event "Europa ch s-16 femenino"]
[Site "Herceg Novi  MNT"]
[Date "2008.09.15"]
[Round "1.21"]
[White "Lisac, Tihana"]
[Black "Stetsko, Lanita"]
[Result "1/2-1/2"]
[WhiteElo "1773"]
[BlackElo "2022"]
[PlyCount "91"]
[EventDate "2008.09.15"]
[EventType "swiss"]
[EventRounds "9"]
[Source "lmi"]
[SourceDate "2008.09.15"]

1. e4 g6 2. Nf3 Bg7 3. d4 d6 4. Bd3 Nf6 5. O-O O-O 6. Be3 Bg4 7. Nbd2 Nc6 8. c3
e5 9. h3 Bxf3 10. Nxf3 exd4 11. Nxd4 Ne5 12. Nf3 Nxd3 13. Qxd3 Re8 14. Nd2 d5
15. exd5 Nxd5 16. Rfe1 Nxe3 17. Rxe3 Qxd3 18. Rxd3 Rad8 19. Rxd8 Rxd8 20. Nf3
c5 21. Kf1 b5 22. Rc1 c4 23. Ke2 Re8+ 24. Kf1 Rc8 25. Rc2 a5 26. a3 Rd8 27. Rd2
Rxd2 28. Nxd2 f5 29. Nf3 Kf7 30. Ke2 Ke6 31. Kd2 Kd5 32. Kc2 Bf6 33. Nd2 g5 34.
f3 Be7 35. Nf1 Ke5 36. Kd2 Bc5 37. Ke2 Kf4 38. Kd2 h5 39. Ke2 Bb6 40. Kd2 Bc5
41. Ke2 Ke5 42. Ne3 Bxe3 43. Kxe3 h4 44. Ke2 Kf4 45. Kf2 a4 46. Ke2 1/2-1/2

[Event "Europa ch s-16 femenino"]
[Site "Herceg Novi  MNT"]
[Date "2008.09.15"]
[Round "1.22"]
[White "Gvanceladze, Anna"]
[Black "Ignat, Xenia"]
[Result "1-0"]
[WhiteElo "2017"]
[BlackElo "1748"]
[PlyCount "77"]
[EventDate "2008.09.15"]
[EventType "swiss"]
[EventRounds "9"]
[Source "lmi"]
[SourceDate "2008.09.15"]

1. e4 c6 2. d4 d5 3. Nd2 dxe4 4. Nxe4 h6 5. Ng3 h5 6. h4 Nf6 7. Bg5 Nbd7 8. Nf3
e6 9. Bd3 c5 10. c3 cxd4 11. Nxd4 Qb6 12. Qe2 Nc5 13. Bc4 Bd7 14. Bxf6 gxf6 15.
Nxh5 Be7 16. Ng7+ Kd8 17. O-O-O Kc7 18. Ngf5 Bf8 19. Ng3 Bh6+ 20. Kb1 Bf4 21.
Ne4 Be5 22. Nxc5 Qxc5 23. g3 Rag8 24. Rd2 Bxd4 25. Rxd4 Bc6 26. Rhd1 Rh5 27.
Rf4 Re5 28. Qd3 f5 29. b4 Qe7 30. Qd4 f6 31. Qxa7 Be4+ 32. Kb2 Qe8 33. a4 Qc6
34. Bb5 Rxb5 35. axb5 Qxb5 36. Rxe4 fxe4 37. Qd4 Qf5 38. Rd2 e5 39. Qc4+ 1-0

[Event "Europa ch s-16 femenino"]
[Site "Herceg Novi  MNT"]
[Date "2008.09.15"]
[Round "1.23"]
[White "Todorova, Kalina"]
[Black "Petrova, Irina"]
[Result "1/2-1/2"]
[WhiteElo "1711"]
[BlackElo "2011"]
[PlyCount "61"]
[EventDate "2008.09.15"]
[EventType "swiss"]
[EventRounds "9"]
[Source "lmi"]
[SourceDate "2008.09.15"]

1. d4 Nf6 2. c4 c5 3. d5 g6 4. Nc3 Bg7 5. Nf3 O-O 6. e4 d6 7. Be2 e6 8. O-O
exd5 9. exd5 Bg4 10. Bg5 Nbd7 11. Qc2 a6 12. a4 Re8 13. Rfe1 Qc7 14. h3 Bxf3
15. Bxf3 Ne5 16. Be2 h6 17. Bh4 Nh7 18. f4 Nd7 19. Bd3 Ndf6 20. Bf2 Nh5 21. Qd2
Qd7 22. g4 N5f6 23. f5 g5 24. Bg3 Qc7 25. Qh2 Rad8 26. Rxe8+ Nxe8 27. Re1 Nhf6
28. Re3 Nd7 29. Kh1 Ne5 30. Qe2 Qd7 31. Qc2 1/2-1/2

[Event "Europa ch s-16 femenino"]
[Site "Herceg Novi  MNT"]
[Date "2008.09.15"]
[Round "1.24"]
[White "Korniyuk, Mariya"]
[Black "Bauer, Marie-Christine"]
[Result "1-0"]
[WhiteElo "2009"]
[BlackElo "1707"]
[PlyCount "113"]
[EventDate "2008.09.15"]
[EventType "swiss"]
[EventRounds "9"]
[Source "lmi"]
[SourceDate "2008.09.15"]

1. e4 c5 2. Nc3 Nc6 3. f4 e6 4. Nf3 d5 5. exd5 exd5 6. d4 cxd4 7. Nxd4 Nf6 8.
Bb5 Qd6 9. O-O Bg4 10. Qd3 a6 11. Re1+ Be7 12. Nxc6 bxc6 13. Bxa6 Qd7 14. Be3
O-O 15. Na4 Bf5 16. Qe2 Bg4 17. Qf1 Qd8 18. Bb6 Qd7 19. Bd4 Qc7 20. Bb6 Qd7 21.
Nc5 Bxc5+ 22. Bxc5 Rfb8 23. Re7 Qd8 24. Bb7 Ra5 25. Qf2 Ne4 26. Rxe4 Rxb7 27.
Rb4 Rxb4 28. Bxb4 Rb5 29. Bc3 Qd7 30. a4 Rb8 31. a5 Ra8 32. a6 Qc7 33. Be5 Qc8
34. Qb6 c5 35. a7 f6 36. Bd6 c4 37. Qb8 Kf7 38. Qxc8 Bxc8 39. Kf2 Ke6 40. Bc5
Bb7 41. g4 Kd7 42. Re1 Re8 43. Rxe8 Kxe8 44. f5 g6 45. Ke3 g5 46. Kd4 Kd7 47.
b3 cxb3 48. cxb3 Ba8 49. b4 Bb7 50. b5 Ba8 51. Bb4 Bb7 52. Kc5 Ba8 53. Bc3 Ke7
54. Bd4 h6 55. h3 Kd7 56. Bxf6 Kc7 57. Bg7 1-0

[Event "Europa ch s-16 femenino"]
[Site "Herceg Novi  MNT"]
[Date "2008.09.16"]
[Round "2.1"]
[White "Veretennikova, Daria"]
[Black "Tsatsalashvili, Keti"]
[Result "1/2-1/2"]
[WhiteElo "2002"]
[BlackElo "2271"]
[PlyCount "98"]
[EventDate "2008.09.15"]
[EventType "swiss"]
[EventRounds "9"]
[Source "lmi"]
[SourceDate "2008.09.15"]

1. e4 c5 2. Nf3 d6 3. c3 Nf6 4. Be2 e6 5. O-O Be7 6. Re1 O-O 7. Bf1 Bd7 8. d4
cxd4 9. cxd4 d5 10. exd5 Nxd5 11. Nc3 Bc6 12. Ne5 Bf6 13. Ne4 Be7 14. Bd3 Nf6
15. Re3 Bxe4 16. Bxe4 Nxe4 17. Rxe4 Nd7 18. Bf4 Nf6 19. Re1 Qd5 20. Nf3 Rfd8
21. Qe2 Rac8 22. a3 Qf5 23. Qe5 Qxe5 24. dxe5 Nd5 25. Be3 Nxe3 26. Rxe3 Rc2 27.
b4 h6 28. h3 Rd5 29. Ree1 Bd8 30. Rec1 Rxc1+ 31. Rxc1 g6 32. Kf1 Bb6 33. Ke2
Rd8 34. Rc4 Kf8 35. a4 a5 36. bxa5 Bxa5 37. Rc5 b6 38. Rc4 Rd5 39. Ke3 Rd1 40.
Ke2 Rb1 41. Kd3 Rd1+ 42. Ke4 Kg7 43. Ke3 Ra1 44. Nd4 Re1+ 45. Ne2 Rb1 46. f4
Bb4 47. Nc3 Rb2 48. Ne4 Bf8 49. g3 b5 1/2-1/2

[Event "Europa ch s-16 femenino"]
[Site "Herceg Novi  MNT"]
[Date "2008.09.16"]
[Round "2.2"]
[White "Savina, Anastasia"]
[Black "Gvanceladze, Anna"]
[Result "1/2-1/2"]
[WhiteElo "2269"]
[BlackElo "2017"]
[PlyCount "94"]
[EventDate "2008.09.15"]
[EventType "swiss"]
[EventRounds "9"]
[Source "lmi"]
[SourceDate "2008.09.15"]

1. d4 Nf6 2. c4 g6 3. Nc3 Bg7 4. e4 O-O 5. Nf3 d6 6. Be2 Nc6 7. O-O e5 8. d5
Ne7 9. b4 a5 10. Ba3 axb4 11. Bxb4 Nd7 12. a4 Bh6 13. a5 f5 14. Nd2 Kh8 15. Bf3
Ng8 16. Nb3 Rf7 17. c5 dxc5 18. Nxc5 Nxc5 19. Bxc5 Nf6 20. d6 Rd7 21. exf5 gxf5
22. Nb5 cxd6 23. Nxd6 Qc7 24. Bb4 Ra6 25. Qb3 Raxd6 26. Bxd6 Rxd6 27. Rfd1
Rxd1+ 28. Rxd1 e4 29. Be2 Bf4 30. g3 Be5 31. Qa3 Kg7 32. Rc1 Qd8 33. Rxc8 Qxc8
34. Qe7+ Kg6 35. Qxe5 Qc1+ 36. Kg2 Qd2 37. Bb5 Qxf2+ 38. Kxf2 Ng4+ 39. Ke2 Nxe5
40. h3 Kf6 41. Ke3 Ke6 42. a6 bxa6 43. Bxa6 Ng6 44. g4 Nh4 45. gxf5+ Kxf5 46.
Bb7 Ng2+ 47. Kf2 Nf4 1/2-1/2

[Event "Europa ch s-16 femenino"]
[Site "Herceg Novi  MNT"]
[Date "2008.09.16"]
[Round "2.3"]
[White "Bulatkhanova, Bika"]
[Black "Repina, Varvara"]
[Result "0-1"]
[WhiteElo "1976"]
[BlackElo "2201"]
[PlyCount "66"]
[EventDate "2008.09.15"]
[EventType "swiss"]
[EventRounds "9"]
[Source "lmi"]
[SourceDate "2008.09.15"]

1. c4 c5 2. Nc3 g6 3. g3 Bg7 4. Bg2 Nc6 5. Nf3 e6 6. O-O Nge7 7. d3 d5 8. cxd5
exd5 9. Bf4 O-O 10. Rc1 b6 11. Qd2 Bb7 12. Bh6 Re8 13. Bxg7 Kxg7 14. Qf4 Qb8
15. Qd2 Qd6 16. Nb5 Qd7 17. Qf4 Rad8 18. d4 c4 19. Nc7 Rf8 20. Ng5 h6 21. Nf3
g5 22. Nxg5 hxg5 23. Qxg5+ Ng6 24. Nxd5 f6 25. Qd2 Na5 26. b4 Bxd5 27. bxa5
Bxg2 28. Kxg2 Qd5+ 29. Kg1 b5 30. e3 Ne5 31. Qd1 Nf3+ 32. Kg2 Ne1+ 33. Kh3 Rh8+
0-1